[Event "South Moravia Region-chT 2223"]
[Site "Czech Republic"]
[Date "2023.02.12"]
[Round "8.6"]
[White "Dvoracek, Filip"]
[Black "Fencl, Vaclav"]
[Result "1/2-1/2"]
[WhiteElo "1842"]
[BlackElo "1874"]
[PlyCount "57"]
[EventDate "2022.10.09"]
[EventType "team-tourn"]
[EventRounds "11"]
[EventCountry "CZE"]
[SourceTitle "EXT 2024"]
[Source "ChessBase"]
[SourceDate "2023.10.10"]
[SourceVersion "1"]
[SourceVersionDate "2023.10.10"]
[SourceQuality "1"]

1. e4 c5 2. Nc3 Nc6 3. g3 g6 4. Bg2 Bg7 5. Nge2 e6 6. d3 Nge7 7. Be3 Nd4 8. 0-0 0-0 9. Qd2 Nec6 10. Nd1 Nxe2+ 11. Qxe2 b6 12. Qd2 Bb7 13. Bh6 d5 14. Bxg7 Kxg7 15. exd5 exd5 16. Ne3 d4 17. Ng4 f5 18. Qh6+ Kg8 19. Ne5 Nxe5 20. Bxb7 Rb8 21. Bg2 Ng4 22. Qf4 Qd7 23. Rfe1 Rbe8 24. h3 Nf6 25. b3 Re7 26. Kf1 Rfe8 27. Qd2 Qd6 28. Rxe7 Rxe7 29. Re1 1/2-1/2